Normal view
MARC view
Entry Personal Name
001 - CONTROL NUMBER
- control field: 6218
003 - CONTROL NUMBER IDENTIFIER
- control field: OSt
005 - DATE AND TIME OF LATEST TRANSACTION
- control field: 20211105132743.0
008 - FIXED-LENGTH DATA ELEMENTS
- fixed length control field: 211105|| aca||aabn | a|a d
040 ## - CATALOGING SOURCE
- Original cataloging agency: OSt
- Transcribing agency: OSt
100 ## - HEADING--PERSONAL NAME
- Personal name: Dyer, E. R., ed
670 ## - SOURCE DATA FOUND
- Source citation: Work cat.: (OSt): Symposium on solar-terrestrial physics Russia 1970 May 12-19 6217, solar-terrestrial physics, 1970